000
00188 a2200097 4500
020
_a
9788440633231
041
_a
spa
100
_a
Debbie Mackinnon
245
_a
Que forma tiene
942
_c
K
999
_c
28397
_d
28397